Statistiques concernant Les plus gros transferts du football - Footballeurs néerlandais

Cliquez ici pour prendre le quiz!

Statistiques générales

  • Ce quiz a été pris 93 fois
  • Le résultat moyen est 9 sur 10

Statistiques - réponses

Montant de transfert (M €)SaisonVenant deAllantJoueur% Correct
86,002019-2020AjaxBarceloneFrenkie de Jong
100%
85,502019-2020AjaxJuventus TurinMatthijs de Ligt
99%
67,002022-2023Juventus TurinBayern MunichMatthijs de Ligt
99%
40,002023-2024VfL WolfsburgTottenhamMicky van de Ven
98%
84,652017-2018SouthamptonLiverpoolVirgil van Dijk
97%
45,302020-2021BournemouthManchester CityNathan Aké
87%
42,002022-2023PSV EindhovenLiverpoolCody Gakpo
74%
39,002020-2021AjaxManchester UnitedDonny van de Beek
73%
40,002023-2024Bayern MunichLiverpoolRyan Gravenberch
64%
40,002023-2024AjaxArsenalJurrien Timber
63%

Distribution des résultats

Percentile par nombre de réponses

% des personnes avec chaque résultat

Votre développement - résultats

Vous n’avez pas pris ce quiz